00311 2200133 4500001002100000005001500021035002000036245003100056100001700087260003500104082001000139084001600149990001200165INLIS00000000000168020250429112403 a0010-04250000961 aBakuman 12 /cTsugumi Ohba0 aTsugumi Ohba aJakarta :bPT. Gramedia,c2015 a741.3 a741.3 TSU b a0754663